000 00361nam a2200133Ia 4500
008 240624s9999 xx 000 0 und d
041 _aeng
082 _a658.45 THO
100 _aTHOMAS PRADIP NINAN
245 _aNEGOTIATING COMMUNICATION RIGHTS CASE ST
260 _c2011
_aNew Delhi
_bSage Publications India Pvt Ltd
300 _a284 : p.
365 _cRS
_b35
999 _c17469
_d17469